Komparácia právnej úpravy tabakovej reklamy

Smernice Európskej únie pre tabakovú reklamu. Porovnanie rôznych právnych úprav tabakovej reklamy vo vybraných európskych krajinách. Nepriama reklama tabakových výrobkov.

Na minha lista:
Detalhes bibliográficos
Autor principal: Vozár, Jozef
Formato: Capítulo de Livro
Idioma:eslovaco
Assuntos:
Tags: Adicionar Tag
Sem tags, seja o primeiro a adicionar uma tag!

MARC

LEADER 00000naa a2200000 4500
001 r032178
005 20230929080350.0
041 0 |a slo 
044 |a SK 
245 1 0 |a Komparácia právnej úpravy tabakovej reklamy  |c Jozef Vozár 
520 |a Smernice Európskej únie pre tabakovú reklamu. Porovnanie rôznych právnych úprav tabakovej reklamy vo vybraných európskych krajinách. Nepriama reklama tabakových výrobkov. 
610 2 0 |a úpravy právne 
610 2 0 |a reklama 
610 2 0 |a výrobky tabakové 
610 2 0 |a porovnanie medzinárodné 
610 2 0 |a smernice 
610 2 0 |a Európska únia 
610 2 0 |a Belgicko 
610 2 0 |a Francúzsko 
610 2 0 |a Švédsko 
610 2 0 |a Holandsko 
610 2 0 |a Nemecko 
610 2 0 |a Rakúsko 
610 2 0 |a Taliansko 
610 2 0 |a Švajčiarsko 
100 1 |a Vozár, Jozef